Tổng tập văn học dân gian người Việt Tập 7 Truyện cổ tích loài vật - Truyện cổ tích sinh hoạt

Wedi'i Gadw mewn:
Manylion Llyfryddiaeth
Fformat: Llyfr
Iaith:Vietnamese
Cyhoeddwyd: H. Khoa học xã hội 2005
Cyfres:Viện khoa học xã hội Việt Nam
Pynciau:
Tagiau: Ychwanegu Tag
Dim Tagiau, Byddwch y cyntaf i dagio'r cofnod hwn!
Thư viện lưu trữ: Mạng thư viện Đại học Đà Nẵng
LEADER 01195nam a2200337 4500
001 000014918
003 11288
005 20120516150557.0
008 120516s2005 viesd
020 |c 000đ 
041 0 |a vie 
082 |a 398.9  |b TON 
245 1 0 |a Tổng tập văn học dân gian người Việt  |c Nguyễn Thị Huế (ch.b)  |n Tập 7  |p Truyện cổ tích loài vật - Truyện cổ tích sinh hoạt 
260 |a H.  |b Khoa học xã hội  |c 2005 
300 |a 688 tr  |c 24 cm 
490 |a Viện khoa học xã hội Việt Nam 
653 |a Văn học dân gian 
653 |a Việt Nam 
653 |a Kịch tuồng 
653 |a Dân gian 
773 |t Tổng tập văn học dân gian người Việt  |w 1825 
OWN |a LSP 
AVA |a UDN50  |b LSP  |d 398.9 TON  |e available  |t Error 5001 Not defined in file expand_doc_bib_avail.  |f 1  |g 0  |h N  |i 0  |k 1 
999 |a From the UDN01 
AVA |a UDN50  |b LSP  |d 398.9 TON  |e available  |t Error 5001 Not defined in file expand_doc_bib_avail.  |f 1  |g 0  |h N  |i 0  |k 1 
TYP |a Monograph 
TYP |a Printed language 
980 |a Mạng thư viện Đại học Đà Nẵng